[Event "Lancaster Open 3rd"]
[Site "Lancaster"]
[Date "2025.08.15"]
[Round "1.1"]
[White "Davis, Holden"]
[Black "Grieve, Harry"]
[Result "0-1"]
[WhiteElo "2088"]
[BlackElo "2564"]
[PlyCount "121"]
[EventDate "2025.08.15"]
[EventType "swiss"]
[EventRounds "5"]
[EventCountry "ENG"]
[SourceTitle "BritBase"]
[Source "John Saunders"]
[SourceDate "2025.08.25"]
[SourceVersion "1"]
[SourceVersionDate "2025.08.19"]
[SourceQuality "1"]

1. e4 c5 2. d4 cxd4 3. c3 Nf6 4. e5 Nd5 5. Nf3 e6 6. cxd4 d6 7. a3 Bd7 8. Bd3 Bc6 9. O-O Nd7 10. Qe2 Rc8 11. Bd2 dxe5 12. dxe5 Be7 13. Nd4 O-O 14. Nxc6 Rxc6 15. Nc3 Nxc3 16. Bxc3 Qc8 17. Rfd1 Rd8 18. Bb5 Rc7 19. Rd3 a6 20. Bxd7 Rdxd7 21. Rad1 Rxd3 22. Qxd3 g6 23. a4 Qe8 24. Qd4 Qc6 25. h3 h5 26. Qf4 Rd7 27. Rd6 Rxd6 28. exd6 Qxd6 29. Be5 Qd1+ 30. Kh2 Qd5 31. g3 g5 32. Qe3 f6 33. Bc3 Kf7 34. h4 gxh4 35. Qh6 h3 36. Qh7+ Ke8 37. Qg6+ Kd7 38. f3 Qxf3 39. Qc2 Bd6 40. Be1 f5 41. a5 Qg2+ 42. Qxg2 hxg2 43. Kxg2 Kc6 44. Kh3 Be7 45. Kg2 Kb5 46. Kf3 e5 47. Bc3 Bf6 48. Ke3 Kc4 49. Kd2 Bg5+ 50. Ke2 Kd5 51. Kf3 e4+ 52. Ke2 h4 53. gxh4 Bxh4 54. Bd2 Bf6 55. b3 Be5 56. Bb4 f4 57. Bd2 e3 58. Bb4 Ke4 59. Bc5 f3+ 60. Kf1 e2+ 61. Kf2 0-1

[Event "Lancaster Open 3rd"]
[Site "Lancaster"]
[Date "2025.08.15"]
[Round "1.2"]
[White "Stubbs, Oliver"]
[Black "Lothian, Robert"]
[Result "1-0"]
[WhiteElo "2281"]
[BlackElo "2029"]
[PlyCount "111"]
[EventDate "2025.08.15"]
[EventType "swiss"]
[EventRounds "5"]
[EventCountry "ENG"]
[SourceTitle "BritBase"]
[Source "John Saunders"]
[SourceDate "2025.08.25"]
[SourceVersion "1"]
[SourceVersionDate "2025.08.19"]
[SourceQuality "1"]

1. d4 f5 2. g3 Nf6 3. Bg2 g6 4. Nf3 Bg7 5. O-O O-O 6. c4 d6 7. Nc3 Nc6 8. d5 Ne5 9. Nxe5 dxe5 10. Qb3 a6 11. Rd1 h6 12. c5 Kh8 13. Bd2 Rb8 14. Be1 Qe8 15. Rac1 g5 16. d6 exd6 17. cxd6 Be6 18. Qb4 cxd6 19. Rxd6 Rf7 20. Qb6 Nd7 21. Qc7 Nf6 22. Qa5 e4 23. Rcd1 Rd7 24. Rxd7 Bxd7 25. e3 Qd8 26. Qb4 Qf8 27. Qb6 Qd8 28. Qd4 Qe7 29. Qa7 Qe5 30. Ne2 Qe8 31. Bc3 Bc6 32. Qc5 Rd8 33. Rd6 Rxd6 34. Qxd6 Qd7 35. Qb8+ Kh7 36. Bd4 Bd5 37. Nc3 Be6 38. h3 Nd5 39. Bxg7 Kxg7 40. Qe5+ Kf7 41. Ne2 Nf6 42. Nd4 Qd5 43. Qc7+ Qd7 44. Qc2 Qc8 45. Qb1 Kg6 46. a3 Bd5 47. Qd1 b5 48. Qd2 Qc7 49. Ne2 Bc4 50. Nc3 Bd3 51. Qd1 Qc4 52. Kh2 a5 53. Qd2 b4 54. axb4 axb4 55. Na4 Nd5 56. g4 1-0

[Event "Lancaster Open 3rd"]
[Site "Lancaster"]
[Date "2025.08.15"]
[Round "1.3"]
[White "Wells, Tony D"]
[Black "Nakara, Husain"]
[Result "0-1"]
[WhiteElo "2028"]
[BlackElo "2208"]
[PlyCount "53"]
[EventDate "2025.08.15"]
[EventType "swiss"]
[EventRounds "5"]
[EventCountry "ENG"]
[SourceTitle "BritBase"]
[Source "John Saunders"]
[SourceDate "2025.08.25"]
[SourceVersion "1"]
[SourceVersionDate "2025.08.19"]
[SourceQuality "1"]

1. e4 e5 2. Nc3 Nf6 3. g3 d5 4. exd5 Nxd5 5. Bg2 c6 6. Nf3 Bd6 7. O-O O-O 8. d4 Nxc3 9. bxc3 exd4 10. cxd4 Be6 11. Qd3 h6 12. c4 Qf6 13. Bb2 Na6 14. Nd2 Rfe8 15. Qb3 Qe7 16. Rfe1 Qd7 17. Ne4 Bf8 18. Rad1 Bf5 19. Re3 Bg6 20. a3 Rad8 21. Rde1 Kh8 22. Qc3 Nc7 23. d5 cxd5 24. Nf6 Rxe3 25. fxe3 Qf5 26. cxd5 Nb5 27. Qa5 0-1

[Event "Lancaster Open 3rd"]
[Site "Lancaster"]
[Date "2025.08.15"]
[Round "1.4"]
[White "Varley, Joe"]
[Black "Hopkins, Kit W"]
[Result "0-1"]
[WhiteElo "2172"]
[BlackElo "1983"]
[PlyCount "80"]
[EventDate "2025.08.15"]
[EventType "swiss"]
[EventRounds "5"]
[EventCountry "ENG"]
[SourceTitle "BritBase"]
[Source "John Saunders"]
[SourceDate "2025.08.25"]
[SourceVersion "1"]
[SourceVersionDate "2025.08.19"]
[SourceQuality "1"]

1. e4 e5 2. Nf3 Nc6 3. Bb5 Nf6 4. d3 Bc5 5. O-O Nd4 6. Nxd4 Bxd4 7. Nc3 c6 8. Ba4 d6 9. h3 a5 10. Bb3 Bxc3 11. bxc3 a4 12. Bxf7+ Kxf7 13. f4 exf4 14. Bxf4 Rf8 15. Qc1 Kg8 16. Qa3 c5 17. Bg5 h6 18. Be3 b6 19. Rab1 Bd7 20. Rf3 Bc6 21. c4 Nd7 22. Rg3 Kh7 23. Qc1 Qf6 24. Qd2 Qe5 25. Rg4 Rab8 26. Rh4 Qf6 27. Bg5 Qg6 28. Bf4 Ne5 29. Kh1 b5 30. cxb5 Rxb5 31. Rxb5 Bxb5 32. Bxe5 dxe5 33. Rg4 Rf1+ 34. Kh2 Qf6 35. Qc3 Bd7 36. Rg3 Qf2 37. Rf3 Qg1+ 38. Kg3 Rxf3+ 39. Kxf3 Qf1+ 40. Ke3 Qxg2 0-1

[Event "Lancaster Open 3rd"]
[Site "Lancaster"]
[Date "2025.08.15"]
[Round "1.5"]
[White "Jayar, Om Reddy"]
[Black "Armbruster, David"]
[Result "0-1"]
[WhiteElo "1956"]
[BlackElo "2141"]
[PlyCount "74"]
[EventDate "2025.08.15"]
[EventType "swiss"]
[EventRounds "5"]
[EventCountry "ENG"]
[SourceTitle "BritBase"]
[Source "John Saunders"]
[SourceDate "2025.08.25"]
[SourceVersion "1"]
[SourceVersionDate "2025.08.19"]
[SourceQuality "1"]

1. c4 c6 2. e4 g6 3. Nc3 Bg7 4. g3 e5 5. Bg2 d6 6. Nge2 h5 7. h3 Be6 8. b3 Qb6 9. d3 Bh6 10. d4 Bxc1 11. Rxc1 Qc7 12. O-O Ne7 13. f4 exd4 14. Nxd4 Na6 15. Nd5 Bxd5 16. cxd5 Qb6 17. Kh2 c5 18. Nc2 O-O-O 19. Ne3 Qc7 20. a4 f5 21. Rc4 fxe4 22. Rxe4 Nf5 23. Nxf5 gxf5 24. Re6 Qg7 25. Rfe1 Rhg8 26. Qf3 Nc7 27. Re7 Qg6 28. b4 cxb4 29. Qd3 Rd7 30. R7e3 h4 31. g4 Qf7 32. g5 Kb8 33. a5 Na6 34. Qd4 Rc8 35. Re6 Rdc7 36. Rxd6 Rc2 37. Rxa6 bxa6 0-1

[Event "Lancaster Open 3rd"]
[Site "Lancaster"]
[Date "2025.08.15"]
[Round "1.6"]
[White "Domanski, Lukasz"]
[Black "McMenamin, Danny"]
[Result "1/2-1/2"]
[WhiteElo "2122"]
[BlackElo "1923"]
[PlyCount "46"]
[EventDate "2025.08.15"]
[EventType "swiss"]
[EventRounds "5"]
[EventCountry "ENG"]
[SourceTitle "BritBase"]
[Source "John Saunders"]
[SourceDate "2025.08.25"]
[SourceVersion "1"]
[SourceVersionDate "2025.08.19"]
[SourceQuality "1"]

1. e4 c5 2. Nf3 d6 3. d4 cxd4 4. Nxd4 Nf6 5. Nc3 a6 6. f4 Qc7 7. a4 e5 8. Nf3 Be6 9. Bd3 Nbd7 10. O-O Be7 11. Kh1 O-O 12. Qe1 Rac8 13. fxe5 Nxe5 14. Nxe5 dxe5 15. Bg5 Ne8 16. Bd2 Nf6 17. Qg3 Kh8 18. Rae1 Rcd8 19. Bc1 Rd7 20. Qf3 Bg4 21. Qf2 Be6 22. Qf3 Bg4 23. Qg3 Be6 1/2-1/2

[Event "Lancaster Open 3rd"]
[Site "Lancaster"]
[Date "2025.08.15"]
[Round "1.7"]
[White "Cook, Michael Anthony"]
[Black "Gomez, Daniel"]
[Result "1/2-1/2"]
[WhiteElo "1885"]
[BlackElo "2122"]
[PlyCount "115"]
[EventDate "2025.08.15"]
[EventType "swiss"]
[EventRounds "5"]
[EventCountry "ENG"]
[SourceTitle "BritBase"]
[Source "John Saunders"]
[SourceDate "2025.08.25"]
[SourceVersion "1"]
[SourceVersionDate "2025.08.19"]
[SourceQuality "1"]

1. e4 e6 2. d4 d5 3. Nd2 c5 4. Ngf3 Nc6 5. Bb5 cxd4 6. Nxd4 Bd7 7. Nxc6 bxc6 8. Bd3 Bd6 9. O-O Qc7 10. h3 Nf6 11. c4 O-O 12. Qc2 e5 13. cxd5 cxd5 14. exd5 Qxc2 15. Bxc2 Nxd5 16. Nc4 Bc7 17. Re1 Rfe8 18. Bd2 Rad8 19. Rad1 Bc6 20. Ba5 Bxa5 21. Nxa5 Ba8 22. Ba4 Re6 23. Nc4 f6 24. Bb3 Kf7 25. Rd2 Re7 26. Red1 Red7 27. Ne3 Ke6 28. a3 f5 29. f3 g5 30. g4 f4 31. Nf5 Kf6 32. Kf2 Nb6 33. Rd6+ Rxd6 34. Rxd6+ Rxd6 35. Nxd6 Ke7 36. Nf5+ Kf6 37. Nd6 Bc6 38. Ke2 a5 39. Ba2 Na4 40. Bb1 Nxb2 41. Bxh7 Ke6 42. Nf5 Nc4 43. a4 Bxa4 44. Bg8+ Kf6 45. Bxc4 Bc6 46. Nd6 a4 47. Ba2 a3 48. Nf5 e4 49. fxe4 Bxe4 50. Nd6 Bg2 51. Kf2 Bxh3 52. Kf3 Bf1 53. Ne4+ Kg6 54. Bb1 Kg7 55. Nxg5 Bc4 56. Kxf4 a2 57. Bxa2 Bxa2 58. Nf3 1/2-1/2

[Event "Lancaster Open 3rd"]
[Site "Lancaster"]
[Date "2025.08.16"]
[Round "2.1"]
[White "Grieve, Harry"]
[Black "Lyth, John D"]
[Result "1-0"]
[WhiteElo "2564"]
[BlackElo "1861"]
[PlyCount "91"]
[EventDate "2025.08.15"]
[EventType "swiss"]
[EventRounds "5"]
[EventCountry "ENG"]
[SourceTitle "BritBase"]
[Source "John Saunders"]
[SourceDate "2025.08.25"]
[SourceVersion "1"]
[SourceVersionDate "2025.08.19"]
[SourceQuality "1"]

1. e4 e5 2. Nf3 Nc6 3. Bb5 a6 4. Ba4 Nf6 5. Nc3 b5 6. Bb3 Be7 7. a4 b4 8. Nd5 O-O 9. Nxf6+ Bxf6 10. Bd5 Rb8 11. Bxc6 dxc6 12. b3 Re8 13. d3 Qd6 14. Be3 c5 15. Nd2 Be6 16. Qf3 Be7 17. Qg3 f6 18. O-O Rbc8 19. Kh1 Qd7 20. f4 exf4 21. Bxf4 Bd6 22. Rae1 Bf7 23. Nf3 Bh5 24. Nd2 Bf7 25. Rf2 Be5 26. Bxe5 fxe5 27. Ref1 Bg6 28. Nc4 Qe7 29. h3 Rf8 30. Qxe5 Qxe5 31. Nxe5 Rxf2 32. Rxf2 Re8 33. Nd7 c4 34. bxc4 a5 35. Nc5 Rf8 36. Kg1 Rxf2 37. Kxf2 Be8 38. Ke3 Kf7 39. d4 Ke7 40. d5 c6 41. e5 cxd5 42. cxd5 Bg6 43. d6+ Ke8 44. e6 Bxc2 45. d7+ Ke7 46. Nb7 1-0

[Event "Lancaster Open 3rd"]
[Site "Lancaster"]
[Date "2025.08.16"]
[Round "2.2"]
[White "Nakara, Husain"]
[Black "Stubbs, Oliver"]
[Result "1/2-1/2"]
[WhiteElo "2208"]
[BlackElo "2281"]
[PlyCount "78"]
[EventDate "2025.08.15"]
[EventType "swiss"]
[EventRounds "5"]
[EventCountry "ENG"]
[SourceTitle "BritBase"]
[Source "John Saunders"]
[SourceDate "2025.08.25"]
[SourceVersion "1"]
[SourceVersionDate "2025.08.19"]
[SourceQuality "1"]

1. Nf3 Nf6 2. g3 g6 3. Bg2 Bg7 4. O-O O-O 5. d4 d5 6. c3 Nbd7 7. b3 c6 8. Nbd2 Re8 9. Bb2 e5 10. Nxe5 Nxe5 11. dxe5 Rxe5 12. c4 Re8 13. e3 Be6 14. Rc1 h5 15. Re1 Ng4 16. Bxg7 Kxg7 17. cxd5 Bxd5 18. Bxd5 Qxd5 19. Nc4 Rad8 20. Qxd5 Rxd5 21. f3 Ne5 22. Nxe5 Rexe5 23. Kf2 Rd3 24. Rc4 Kf6 25. Re2 Ra5 26. Rb4 b6 27. Rc2 Rd6 28. Rbc4 Ke7 29. e4 Kd7 30. f4 c5 31. Ke2 Ra3 32. h3 a5 33. e5 Rd5 34. g4 h4 35. Ke3 Rd1 36. Ke4 Re1+ 37. Kd5 Rd1+ 38. Ke4 Re1+ 39. Kd5 Rd1+ 1/2-1/2

[Event "Lancaster Open 3rd"]
[Site "Lancaster"]
[Date "2025.08.16"]
[Round "2.3"]
[White "Armbruster, David"]
[Black "Domanski, Lukasz"]
[Result "1/2-1/2"]
[WhiteElo "2141"]
[BlackElo "2122"]
[PlyCount "51"]
[EventDate "2025.08.15"]
[EventType "swiss"]
[EventRounds "5"]
[EventCountry "ENG"]
[SourceTitle "BritBase"]
[Source "John Saunders"]
[SourceDate "2025.08.25"]
[SourceVersion "1"]
[SourceVersionDate "2025.08.19"]
[SourceQuality "1"]

1. d4 d6 2. Bf4 c5 3. e3 Qb6 4. b3 Nf6 5. Nf3 g6 6. Be2 Bg7 7. c3 O-O 8. O-O Qc7 9. Bg3 b6 10. Nbd2 Bb7 11. Rc1 Nbd7 12. c4 e5 13. d5 h6 14. Nh4 b5 15. Qc2 b4 16. a4 bxa3 17. Ra1 Nb8 18. Rxa3 Na6 19. e4 Nb4 20. Qc3 Kh7 21. h3 Qe7 22. Qc1 Nd7 23. Bg4 Nf6 24. Be2 Nd7 25. Bg4 Nf6 26. Be2 1/2-1/2

[Event "Lancaster Open 3rd"]
[Site "Lancaster"]
[Date "2025.08.16"]
[Round "2.4"]
[White "Gomez, Daniel"]
[Black "Fretwell, Ellis"]
[Result "1-0"]
[WhiteElo "2122"]
[BlackElo "1827"]
[PlyCount "37"]
[EventDate "2025.08.15"]
[EventType "swiss"]
[EventRounds "5"]
[EventCountry "ENG"]
[SourceTitle "BritBase"]
[Source "John Saunders"]
[SourceDate "2025.08.25"]
[SourceVersion "1"]
[SourceVersionDate "2025.08.19"]
[SourceQuality "1"]

1. e4 c6 2. Nc3 d5 3. Nf3 Bg4 4. h3 Bxf3 5. Qxf3 dxe4 6. Nxe4 Nf6 7. d3 e6 8. Bd2 Nbd7 9. Qg3 Nxe4 10. dxe4 Qf6 11. Bc3 e5 12. O-O-O Bc5 13. f3 Qe6 14. b3 O-O 15. Bc4 Qe7 16. Rhe1 b5 17. Rxd7 Qxd7 18. Qxe5 bxc4 19. Qxg7# 1-0

[Event "Lancaster Open 3rd"]
[Site "Lancaster"]
[Date "2025.08.16"]
[Round "2.5"]
[White "McMenamin, Danny"]
[Black "Longson Hegarty, Sarah N"]
[Result "1/2-1/2"]
[WhiteElo "1923"]
[BlackElo "2054"]
[PlyCount "70"]
[EventDate "2025.08.15"]
[EventType "swiss"]
[EventRounds "5"]
[EventCountry "ENG"]
[SourceTitle "BritBase"]
[Source "John Saunders"]
[SourceDate "2025.08.25"]
[SourceVersion "1"]
[SourceVersionDate "2025.08.19"]
[SourceQuality "1"]

1. e4 e5 2. Bc4 Nf6 3. d4 exd4 4. Nf3 Nc6 5. e5 d5 6. Bb5 Ne4 7. Nxd4 Bc5 8. Be3 O-O 9. Nxc6 bxc6 10. Bxc5 Nxc5 11. Bxc6 Rb8 12. O-O Qe7 13. Qd4 Rb6 14. Qxd5 Rxc6 15. Qxc6 Bb7 16. Qb5 Ba6 17. Qb4 Bxf1 18. Kxf1 Qxe5 19. Kg1 Re8 20. Nd2 Ne6 21. Nf3 Qf5 22. Qa4 Rd8 23. Re1 h6 24. h3 Qf6 25. b3 Qc3 26. Qh4 Ng5 27. Kf1 Qxc2 28. Nxg5 hxg5 29. Qxg5 Rd1 30. Qe3 Rxe1+ 31. Qxe1 Qxa2 32. Qe8+ Kh7 33. Qxf7 Qb1+ 34. Ke2 Qe4+ 35. Kf1 c6 1/2-1/2

[Event "Lancaster Open 3rd"]
[Site "Lancaster"]
[Date "2025.08.16"]
[Round "2.6"]
[White "Sykes, Chris"]
[Black "Cook, Michael Anthony"]
[Result "0-1"]
[WhiteElo "1931"]
[BlackElo "1885"]
[PlyCount "82"]
[EventDate "2025.08.15"]
[EventType "swiss"]
[EventRounds "5"]
[EventCountry "ENG"]
[SourceTitle "BritBase"]
[Source "John Saunders"]
[SourceDate "2025.08.25"]
[SourceVersion "1"]
[SourceVersionDate "2025.08.19"]
[SourceQuality "1"]

1. d4 d5 2. Bf4 Nf6 3. e3 e6 4. Nd2 c5 5. c3 Nc6 6. Ngf3 cxd4 7. exd4 Nh5 8. Be3 Bd6 9. Ne5 Nf6 10. f4 Qb6 11. Rb1 Nxe5 12. fxe5 Bxe5 13. Bg5 Bd6 14. Bd3 Qc7 15. Bxf6 gxf6 16. Qg4 Bd7 17. Qg7 O-O-O 18. Bxh7 Kb8 19. g3 Bb5 20. Kf2 f5 21. Nf3 Bd3 22. Rbe1 Be4 23. Rhg1 f6 24. Qxc7+ Kxc7 25. Bg6 Kd7 26. h4 b5 27. Nd2 Rc8 28. Nxe4 fxe4 29. a3 a5 30. h5 f5 31. Ke3 Ke7 32. Ref1 Kf6 33. Rg2 Rc7 34. Ra1 Kg5 35. Rh1 Rb8 36. Ra1 Kg4 37. Rag1 b4 38. cxb4 axb4 39. a4 b3 40. h6 Kg5 41. g4 f4+ 0-1

[Event "Lancaster Open 3rd"]
[Site "Lancaster"]
[Date "2025.08.16"]
[Round "2.7"]
[White "Lothian, Robert"]
[Black "Varley, Joe"]
[Result "1-0"]
[WhiteElo "2029"]
[BlackElo "2172"]
[PlyCount "83"]
[EventDate "2025.08.15"]
[EventType "swiss"]
[EventRounds "5"]
[EventCountry "ENG"]
[SourceTitle "BritBase"]
[Source "John Saunders"]
[SourceDate "2025.08.25"]
[SourceVersion "1"]
[SourceVersionDate "2025.08.19"]
[SourceQuality "1"]

1. e4 c5 2. Nf3 Nc6 3. d4 cxd4 4. Nxd4 Nf6 5. Nc3 e5 6. Ndb5 d6 7. Bg5 a6 8. Na3 b5 9. Nd5 Be7 10. Bxf6 Bxf6 11. c3 Bb7 12. Nc2 Nb8 13. Nce3 Nd7 14. Bd3 O-O 15. O-O Bg5 16. b4 Rc8 17. a4 Nb6 18. axb5 axb5 19. Bxb5 Bxe3 20. Nxe3 Bxe4 21. Bd3 Ba8 22. c4 d5 23. cxd5 Bxd5 24. Qh5 g6 25. Qxe5 Bxg2 26. Nf5 f6 27. Qe6+ Kh8 28. Kxg2 Qxd3 29. Ne3 Nc4 30. Rac1 Nxe3+ 31. Qxe3 Qd5+ 32. f3 Rce8 33. Qc5 Qa8 34. Rfe1 Rc8 35. Qe7 Rce8 36. Qc5 Rd8 37. Ra1 Rd2+ 38. Kg1 Qb8 39. f4 Rc8 40. Qe3 Qxb4 41. Ra7 Qb2 42. Qe8+ 1-0

[Event "Lancaster Open 3rd"]
[Site "Lancaster"]
[Date "2025.08.16"]
[Round "2.8"]
[White "Wells, Tony D"]
[Black "Davis, Holden"]
[Result "0-1"]
[WhiteElo "2028"]
[BlackElo "2088"]
[PlyCount "70"]
[EventDate "2025.08.15"]
[EventType "swiss"]
[EventRounds "5"]
[EventCountry "ENG"]
[SourceTitle "BritBase"]
[Source "John Saunders"]
[SourceDate "2025.08.25"]
[SourceVersion "1"]
[SourceVersionDate "2025.08.19"]
[SourceQuality "1"]

1. e4 e6 2. d4 d5 3. Nc3 Bb4 4. Bd3 c5 5. exd5 exd5 6. Nf3 Nc6 7. O-O Nge7 8. a3 Bxc3 9. bxc3 c4 10. Be2 Qa5 11. Rb1 b6 12. Re1 O-O 13. Ne5 Qxc3 14. Bb2 Qa5 15. f4 Bf5 16. g4 Bc8 17. f5 f6 18. Nxc4 dxc4 19. Bxc4+ Kh8 20. Qf3 Bd7 21. Bc3 Qxa3 22. Re3 Qd6 23. Qf2 Nd5 24. Rh3 h6 25. Bd2 Rf7 26. Rbb3 Na5 27. Bxd5 Qxd5 28. Qh4 Bc6 29. Rbg3 Qxd4+ 30. Be3 Qd1+ 31. Kf2 Re8 32. g5 fxg5 33. Qxg5 Qxc2+ 34. Kg1 Qb1+ 35. Kf2 Rxf5+ 0-1

[Event "Lancaster Open 3rd"]
[Site "Lancaster"]
[Date "2025.08.16"]
[Round "3.1"]
[White "Stubbs, Oliver"]
[Black "Grieve, Harry"]
[Result "0-1"]
[WhiteElo "2281"]
[BlackElo "2564"]
[PlyCount "84"]
[EventDate "2025.08.15"]
[EventType "swiss"]
[EventRounds "5"]
[EventCountry "ENG"]
[SourceTitle "BritBase"]
[Source "John Saunders"]
[SourceDate "2025.08.25"]
[SourceVersion "1"]
[SourceVersionDate "2025.08.19"]
[SourceQuality "1"]

1. d4 Nf6 2. Nf3 b6 3. Bf4 Bb7 4. e3 Nh5 5. Be5 d6 6. Bg3 Nxg3 7. hxg3 g6 8. c4 Bg7 9. Nc3 Nd7 10. Bd3 e6 11. Be4 Bxe4 12. Nxe4 Qe7 13. Qa4 O-O 14. O-O a6 15. Qc6 Ra7 16. Rac1 Nb8 17. Qa4 c5 18. b4 cxd4 19. exd4 b5 20. cxb5 Qd7 21. Nc3 Rb7 22. d5 axb5 23. Qb3 e5 24. Ne2 Bh6 25. Ra1 Rc8 26. a4 Na6 27. Rfb1 Rc4 28. axb5 Rxb4 29. Qa2 Rxb1+ 30. Rxb1 Rxb5 31. Ra1 Nc5 32. Qc4 Qb7 33. Qh4 Bf8 34. Nc3 Rb4 35. Qd8 Qb8 36. Qf6 Bg7 37. Qe7 Rb7 38. Qh4 e4 39. Ng5 h6 40. Ngxe4 Nxe4 41. Qxe4 Bxc3 42. Rc1 Bf6 0-1

[Event "Lancaster Open 3rd"]
[Site "Lancaster"]
[Date "2025.08.16"]
[Round "3.2"]
[White "Hopkins, Kit W"]
[Black "Nakara, Husain"]
[Result "1/2-1/2"]
[WhiteElo "1983"]
[BlackElo "2208"]
[PlyCount "75"]
[EventDate "2025.08.15"]
[EventType "swiss"]
[EventRounds "5"]
[EventCountry "ENG"]
[SourceTitle "BritBase"]
[Source "John Saunders"]
[SourceDate "2025.08.25"]
[SourceVersion "1"]
[SourceVersionDate "2025.08.19"]
[SourceQuality "1"]

1. Nf3 f5 2. d3 Nc6 3. g3 e5 4. c4 Nf6 5. Nc3 d6 6. Bg2 Be6 7. O-O Be7 8. Rb1 Qd7 9. b4 h6 10. b5 Nd8 11. d4 e4 12. Nd2 d5 13. cxd5 Nxd5 14. Nxd5 Qxd5 15. a4 O-O 16. e3 Nf7 17. f3 Ng5 18. Qc2 exf3 19. Nxf3 Qc4 20. Qxc4 Bxc4 21. Re1 Bd3 22. Rb2 Nxf3+ 23. Bxf3 Rab8 24. Bd2 Rfe8 25. Rb3 Bc4 26. Rb2 Bd6 27. Bb4 b6 28. Kf2 Bd3 29. Rc1 Kf7 30. Bxd6 cxd6 31. Rb3 Be4 32. Rbc3 Re7 33. Rc7 Rb7 34. Rxb7 Rxb7 35. g4 Ke6 36. Kg3 g6 37. Be2 Bd5 38. Bc4 1/2-1/2

[Event "Lancaster Open 3rd"]
[Site "Lancaster"]
[Date "2025.08.16"]
[Round "3.3"]
[White "Cook, Michael Anthony"]
[Black "Armbruster, David"]
[Result "1/2-1/2"]
[WhiteElo "1885"]
[BlackElo "2141"]
[PlyCount "71"]
[EventDate "2025.08.15"]
[EventType "swiss"]
[EventRounds "5"]
[EventCountry "ENG"]
[SourceTitle "BritBase"]
[Source "John Saunders"]
[SourceDate "2025.08.25"]
[SourceVersion "1"]
[SourceVersionDate "2025.08.19"]
[SourceQuality "1"]

1. e4 c6 2. d4 d5 3. exd5 cxd5 4. Bd3 Nc6 5. c3 Nf6 6. h3 g6 7. Nf3 Bg7 8. O-O O-O 9. Re1 Qc7 10. Ne5 Nxe5 11. dxe5 Ne4 12. Bf4 Nc5 13. Bc2 Ne6 14. Bg3 Rd8 15. Na3 a6 16. Bb3 b5 17. Nc2 Bb7 18. Nd4 Qb6 19. Nxe6 Qxe6 20. Qd4 Qc6 21. f4 a5 22. a3 e6 23. Bf2 Bf8 24. Kh2 Bg7 25. Rad1 Rf8 26. Bh4 Rfc8 27. Bf2 Qd7 28. Qd2 Ba6 29. Bd4 Rab8 30. Ra1 Bf8 31. Qf2 Qb7 32. Bd1 Rc6 33. b4 a4 34. Bf3 Qc7 35. Re3 Be7 36. g4 1/2-1/2

[Event "Lancaster Open 3rd"]
[Site "Lancaster"]
[Date "2025.08.16"]
[Round "3.4"]
[White "Davis, Holden"]
[Black "Gomez, Daniel"]
[Result "0-1"]
[WhiteElo "2088"]
[BlackElo "2122"]
[PlyCount "106"]
[EventDate "2025.08.15"]
[EventType "swiss"]
[EventRounds "5"]
[EventCountry "ENG"]
[SourceTitle "BritBase"]
[Source "John Saunders"]
[SourceDate "2025.08.25"]
[SourceVersion "1"]
[SourceVersionDate "2025.08.19"]
[SourceQuality "1"]

1. e4 e5 2. Nf3 Nc6 3. Bc4 Nf6 4. d3 Bc5 5. c3 d6 6. a4 a6 7. O-O Ba7 8. a5 h6 9. Nbd2 O-O 10. h3 Re8 11. Re1 Be6 12. Bb3 d5 13. exd5 Bxd5 14. Ne4 Nxe4 15. dxe4 Be6 16. Ba4 Qd6 17. Qe2 Bd7 18. Rd1 Qe7 19. Be3 Bxe3 20. Qxe3 Nb8 21. Rd5 Bxa4 22. Rxa4 Nc6 23. b4 Rad8 24. Ra1 Rd7 25. Rad1 Red8 26. Qe2 Qe6 27. b5 Nxa5 28. Nxe5 Rxd5 29. Rxd5 Rxd5 30. exd5 Qxd5 31. bxa6 bxa6 32. Nd3 Qb5 33. Qe4 Nc4 34. Qa8+ Kh7 35. Qe4+ f5 36. Qe6 Qb1+ 37. Ne1 Qe4 38. Qxe4 fxe4 39. Kf1 Kg6 40. Ke2 Kf5 41. Nc2 a5 42. g3 Ke5 43. Kd1 a4 44. Kc1 g5 45. Nd4 h5 46. Nc6+ Ke6 47. Kc2 h4 48. g4 Kd6 49. Nd4 Ke5 50. Ne2 c5 51. Kc1 e3 52. f3 Nd2 53. Kb2 Nxf3 0-1

[Event "Lancaster Open 3rd"]
[Site "Lancaster"]
[Date "2025.08.16"]
[Round "3.5"]
[White "Domanski, Lukasz"]
[Black "Lothian, Robert"]
[Result "1-0"]
[WhiteElo "2122"]
[BlackElo "2029"]
[PlyCount "63"]
[EventDate "2025.08.15"]
[EventType "swiss"]
[EventRounds "5"]
[EventCountry "ENG"]
[SourceTitle "BritBase"]
[Source "John Saunders"]
[SourceDate "2025.08.25"]
[SourceVersion "1"]
[SourceVersionDate "2025.08.19"]
[SourceQuality "1"]

1. e4 c6 2. c4 d5 3. exd5 cxd5 4. cxd5 Nf6 5. Nc3 g6 6. Bc4 Bg7 7. Nf3 O-O 8. O-O Nbd7 9. d3 a6 10. a4 Ne8 11. Bg5 Nd6 12. Re1 Nf6 13. Rc1 Bd7 14. Ba2 Rc8 15. Ne5 h6 16. Be3 Nf5 17. Nc4 Nxe3 18. Nxe3 b5 19. axb5 axb5 20. b4 Ng4 21. Ne4 Rxc1 22. Qxc1 Ne5 23. Nc5 Qa8 24. d4 Nd3 25. Nxd3 Qxa2 26. Qc7 Rc8 27. Qxd7 Bxd4 28. d6 Bxe3 29. Rxe3 f5 30. dxe7 Qa8 31. Nc5 Qc6 32. h3 1-0

[Event "Lancaster Open 3rd"]
[Site "Lancaster"]
[Date "2025.08.16"]
[Round "3.6"]
[White "Longson Hegarty, Sarah N"]
[Black "Jayar, Om Reddy"]
[Result "0-1"]
[WhiteElo "2054"]
[BlackElo "1956"]
[PlyCount "78"]
[EventDate "2025.08.15"]
[EventType "swiss"]
[EventRounds "5"]
[EventCountry "ENG"]
[SourceTitle "BritBase"]
[Source "John Saunders"]
[SourceDate "2025.08.25"]
[SourceVersion "1"]
[SourceVersionDate "2025.08.19"]
[SourceQuality "1"]

1. e4 c5 2. Nf3 Nc6 3. Bb5 e5 4. Bxc6 dxc6 5. O-O Bd6 6. d3 Ne7 7. Nbd2 Ng6 8. Nc4 Bc7 9. Bg5 f6 10. Be3 b6 11. a4 a5 12. h3 Be6 13. Qe2 Qd7 14. c3 O-O 15. Rfd1 Qf7 16. Qf1 h6 17. Nfd2 f5 18. exf5 Qxf5 19. b4 Nf4 20. bxc5 bxc5 21. Bxc5 Rfd8 22. d4 e4 23. Bb6 Bxb6 24. Nxb6 Ra7 25. Nbc4 Bd5 26. Ne3 Qg5 27. Kh2 Rf8 28. c4 Nd3 29. cxd5 Rxf2 30. Qg1 Qxe3 31. Nxe4 Qxe4 32. Rxd3 Raf7 33. Rad1 Qf4+ 34. Kh1 cxd5 35. Rb3 Re7 36. Rb8+ Kh7 37. Ra1 Ree2 38. Qb1+ Rc2 39. Rb3 Rxg2 0-1

[Event "Lancaster Open 3rd"]
[Site "Lancaster"]
[Date "2025.08.16"]
[Round "3.7"]
[White "Lyth, John D"]
[Black "McMenamin, Danny"]
[Result "1-0"]
[WhiteElo "1861"]
[BlackElo "1923"]
[PlyCount "31"]
[EventDate "2025.08.15"]
[EventType "swiss"]
[EventRounds "5"]
[EventCountry "ENG"]
[SourceTitle "BritBase"]
[Source "John Saunders"]
[SourceDate "2025.08.25"]
[SourceVersion "1"]
[SourceVersionDate "2025.08.19"]
[SourceQuality "1"]

1. d4 Nf6 2. Nf3 e6 3. e3 b6 4. Bd3 Bb7 5. Nbd2 d5 6. O-O Bd6 7. b3 Nbd7 8. Bb2 O-O 9. c4 Re8 10. Ne5 c5 11. Rc1 cxd4 12. exd4 dxc4 13. Ndxc4 Bf8 14. Ne3 Rc8 15. Qe2 Nd5 16. Bxh7+ 1-0